Brunswick or New Brunswick? - Statistics

General Stats
  • This quiz has been taken 35 times
  • The average score is 8 of 14
Answer Stats
Question Answer % Correct
The main river is the Oker Brunswick
100%
Has a forestry college New Brunswick
100%
Has two official languages New Brunswick
100%
Birthplace of actors Walter Pidgeon and Donald Sutherland New Brunswick
100%
Has a lion on its flag and coat of arms both
50%
Had a canning industry in the 20th century both
50%
Has a zoo called Noah's Ark Brunswick
50%
Is northernmost Brunswick
50%
Closest to Cape Verde (according to Google) Brunswick
50%
Oldest university Brunswick
50%
Local company Ganong Brothers was the first in the world to make chocolate bars, and to sell chocolates in heart-shaped boxes New Brunswick
50%
Has at least one professional basketball team both
0%
Birthplace of goalkeeper Jack Brand, who holds the record for most shutouts in a season in the North American Soccer League Brunswick
0%
Has a land border with a French speaking region New Brunswick
0%
No matching quizzes found
Score Distribution
Percent of People with Each Score
Percentile by Number Answered
Your Score History
You have not taken this quiz